000 00360nam a2200133Ia 4500
005 20260328101443.0
008 260328s9999||||xx |||||||||||||| ||und||
100 _aBullrich, Francisco
245 0 _aNew Directions in Latin American Architecture /
_cFrancisco Bullrich
260 _bGeorge Brazilier
300 _a128 p.
650 _aLATINOAMERICA
942 _cBK
999 _c8364
_d8364